[Event "FIDE World Cup 2011"]
[Site "Khanty-Mansiysk RUS"]
[Date "2011.09.04"]
[Round "3.2"]
[White "Efimenko,Z"]
[Black "Ponomariov,R"]
[Result "1/2-1/2"]
[WhiteElo "2706"]
[BlackElo "2764"]

1.e4 e5 2.Nf3 Nc6 3.Bb5 Nf6 4.d3 Bc5 5.O-O Nd4 6.Nxd4 Bxd4 7.Nd2 c6 8.Ba4 d6
9.c3 Bb6 10.Bb3 O-O 11.Nc4 Bc7 12.Bg5 h6 13.Bh4 g5 14.Bg3 Bg4 15.Qc2 Nh5
16.Ne3 Bd7 17.d4 Qe7 18.Rad1 Rad8 19.f3 Nxg3 20.hxg3 Kg7 21.f4 exf4 22.gxf4 gxf4
23.Rxf4 d5 24.Nf5+ Bxf5  1/2-1/2

[Event "FIDE World Cup 2011"]
[Site "Khanty-Mansiysk RUS"]
[Date "2011.09.05"]
[Round "3.3"]
[White "Efimenko,Z"]
[Black "Ponomariov,R"]
[Result "0-1"]
[WhiteElo "2706"]
[BlackElo "2764"]

1.e4 e5 2.Nf3 Nc6 3.Bb5 Nf6 4.d3 Bc5 5.c3 O-O 6.O-O d6 7.h3 Ne7 8.d4 Bb6
9.Nbd2 Ng6 10.Re1 c6 11.Bd3 Re8 12.Nf1 d5 13.Bg5 dxe4 14.Rxe4 Bf5 15.Re1 Bxd3
16.Qxd3 h6 17.Bxf6 Qxf6 18.Ng3 Nf4 19.Qf5 Qxf5 20.Nxf5 exd4 21.N3xd4 Nd3
22.Rxe8+ Rxe8 23.b4 Rd8 24.Rd1 Nf4 25.Re1 Kf8 26.a3 h5 27.a4 Nd5 28.Ne2 g6
29.Nfg3 Re8 30.a5 Bc7 31.Kf1 h4 32.Nh1 Re4 33.g3 a6 34.gxh4 Rxh4 35.Nhg3 Be5
36.Rc1 Rxh3 37.Kg2 Rh4 38.Kf3 f5 39.Nf1 Rh3+ 40.Nfg3 Ke7 41.Re1 Kf6 42.Rd1 Rh4
43.Nf1 Nxc3 44.Nxc3 Bxc3 45.Rd6+ Ke5  0-1

[Event "FIDE World Cup 2011"]
[Site "Khanty-Mansiysk RUS"]
[Date "2011.09.06"]
[Round "4.1"]
[White "Bruzon Batista,L"]
[Black "Ponomariov,R"]
[Result "1/2-1/2"]
[WhiteElo "2673"]
[BlackElo "2764"]

1.e4 e5 2.Nf3 Nc6 3.Bb5 Nf6 4.O-O Nxe4 5.d4 Nd6 6.Bxc6 dxc6 7.dxe5 Nf5 8.Qxd8+ Kxd8
9.Rd1+ Ke8 10.Nc3 Ne7 11.h3 Ng6 12.Re1 Be7 13.Ne4 h5 14.Bd2 Kf8 15.Rad1 h4
16.Bg5 Rh5 17.Rd4 b6 18.Red1 Be6 19.Bxe7+ Kxe7 20.Neg5 c5 21.Nxe6 cxd4 22.Nxg7 Rh7
23.Nf5+ Kf8 24.N5xd4 c5 25.Nc6 a5 26.Rd7 Rc8 27.Rd6 Re8 28.Ng5 Rg7 29.Nf3 Re6
30.Rd8+ Re8 31.Rd6 Re6 32.Rd8+  1/2-1/2

[Event "FIDE World Cup 2011"]
[Site "Khanty-Mansiysk RUS"]
[Date "2011.09.07"]
[Round "4.2"]
[White "Ponomariov,R"]
[Black "Bruzon Batista,L"]
[Result "1/2-1/2"]
[WhiteElo "2764"]
[BlackElo "2673"]

1.e4 c5 2.Nf3 d6 3.d4 cxd4 4.Nxd4 Nf6 5.Nc3 a6 6.a4 e5 7.Nf3 Be7 8.Bc4 O-O
9.O-O Be6 10.Qe2 Qc7 11.Bb3 Rc8 12.Bg5 Nbd7 13.Rfd1 h6 14.Bxf6 Nxf6 15.Nh4 Qd7
16.g3 Rc5 17.Rd3 Rac8 18.Ng2 Bd8 19.Rad1 Ba5 20.Rxd6 Qe7 21.Nh4 Bxc3 22.Rxe6 fxe6
23.Nf5 Qe8 24.Nd6 Qe7 25.Nxc8 Rxc8 26.bxc3 Rxc3 27.Qd2 Rc6 28.Qa5 Nxe4 29.Qxe5 Nc5
30.Qb8+ Kh7 31.Rd8 Qc7 32.Rh8+ Kg6 33.Qg8 Nxb3 34.cxb3 Rc1+ 35.Kg2 Qc6+ 36.Kh3 Rc5
37.Qh7+ Kf7 38.Qg8+ Kg6 39.Qh7+  1/2-1/2

[Event "FIDE World Cup 2011"]
[Site "Khanty-Mansiysk RUS"]
[Date "2011.09.09"]
[Round "5.1"]
[White "Ponomariov,R"]
[Black "Gashimov,V"]
[Result "1/2-1/2"]
[WhiteElo "2764"]
[BlackElo "2760"]

1.d4 Nf6 2.Nf3 e6 3.c4 b6 4.g3 Bb7 5.Bg2 c5 6.d5 exd5 7.Nh4 g6 8.Nc3 Bg7
9.O-O O-O 10.Bg5 Qe8 11.Bf4 Qd8 12.Bg5 Qe8 13.Bf4 Qd8 14.Bg5  1/2-1/2

[Event "FIDE World Cup 2011"]
[Site "Khanty-Mansiysk RUS"]
[Date "2011.09.10"]
[Round "5.2"]
[White "Gashimov,V"]
[Black "Ponomariov,R"]
[Result "0-1"]
[WhiteElo "2760"]
[BlackElo "2764"]

1.e4 e5 2.Nf3 Nc6 3.Bb5 Nf6 4.O-O Nxe4 5.d4 Nd6 6.Bxc6 dxc6 7.dxe5 Nf5 8.Qxd8+ Kxd8
9.Rd1+ Ke8 10.Nc3 Ne7 11.Nd4 Bd7 12.Ne4 Ng6 13.f4 Be7 14.Re1 c5 15.Nf3 Be6
16.Nfg5 Bxg5 17.Nxg5 Bf5 18.Ne4 b6 19.Ng3 Ne7 20.Nxf5 Nxf5 21.c3 h5 22.Kf2 Rd8
23.Be3 Ke7 24.Rad1 f6 25.exf6+ Kxf6 26.Rxd8 Rxd8 27.Bc1 a5 28.a4 c4 29.g3 Rd3
30.Ke2 Ke6 31.Bd2 Rd5 32.Rf1 g6 33.Rf3 Kf7 34.Rf1 Rd8 35.Bc1 Ke6 36.Re1 Rd3
37.Bd2 Rd8 38.Kd1+ Kf7 39.Re5 Nh6 40.Kc2 Ng4 41.Re2 Nf6 42.Be1 Rd6 43.h3 Rd3
44.b3 Rf3 45.bxc4 h4 46.gxh4 Rxf4 47.c5 Rxa4 48.cxb6 cxb6 49.Re5 Re4 50.Rxe4 Nxe4
51.c4 Ke6 52.Kb3 Kd6 53.Kc2 Ke5 54.Kd3 Kf4 55.Kd4 Kf3 56.Kd3 Nc5+ 57.Kd4 a4
58.Bb4 Ke2 59.Kc3 Ke3 60.Ba3 Ne4+ 61.Kb4 Kd3 62.Kb5 Kc3 63.Be7 Kb3 64.Kxb6 Kxc4
65.Kc6 Ng3 66.Kd7 Kd5 67.Ke8 Ke6 68.Ba3 Nf5 69.Kf8 Nxh4 70.Kg7 Kf5 71.Kh6 Nf3
72.Be7 Ke6 73.Ba3 Kf6 74.Bc5 Nh4 75.Bd4+ Kf5 76.Bc5 g5 77.Be7 Nf3 78.Kh5 Ng1
79.Bxg5 a3 80.Bc1 a2 81.Bb2 Nxh3 82.Kh4 Nf4 83.Kg3 Ke4 84.Ba1 Nd3 85.Kg2 Ke3
86.Kg3 Nc5 87.Kg2 Ke2 88.Kg3 Na4 89.Kg2 Nb6 90.Kg3 Nc4 91.Kg2 Ne3+ 92.Kg3 Nd1
93.Kg2 Ke3 94.Kg3 Kd2 95.Kf3 Kd3 96.Kf4 Kc2 97.Ke4 Nb2 98.Ke3 Na4 99.Ke2 Kc1
100.Kd3 Kb1 101.Kd2 Nb2 102.Kc3 Kxa1 103.Kc2 Nd3  0-1

[Event "FIDE World Cup 2011"]
[Site "Khanty-Mansiysk RUS"]
[Date "2011.09.12"]
[Round "6.1"]
[White "Svidler,P"]
[Black "Ponomariov,R"]
[Result "1/2-1/2"]
[WhiteElo "2739"]
[BlackElo "2764"]

1.e4 e5 2.Nf3 Nc6 3.Bb5 Nf6 4.d3 Bc5 5.c3 O-O 6.O-O d6 7.Nbd2 h6 8.h3 Bb6
9.Nc4 Ne7 10.Ba4 Ng6 11.Bc2 Be6 12.a4 c6 13.Nxb6 axb6 14.Be3 d5 15.d4 exd4
16.Nxd4 Bd7 17.exd5 Nxd5 18.Bd2 Qf6 19.Qf3 Ndf4 20.Bxf4  1/2-1/2

[Event "Governor's Cup"]
[Site "Saratov RUS"]
[Date "2011.10.10"]
[Round "3"]
[White "Ponomariov,R"]
[Black "Andreikin,D"]
[Result "1/2-1/2"]
[WhiteElo "2758"]
[BlackElo "2705"]

1.d4 Nf6 2.c4 e6 3.Nf3 b6 4.g3 Bb7 5.Bg2 c5 6.d5 exd5 7.Nh4 g6 8.Nc3 Bg7
9.O-O O-O 10.Bg5 Qe8 11.Bf4 Qe7 12.Bg5 Qe8 13.Bf4 Qe7 14.Nb5 Ne8 15.Bxd5 Bxd5
16.Qxd5 Nc6 17.Qd2 Qe6 18.Rac1 a6 19.Nc3 Qxc4 20.Nd5 Qxa2 21.Nxb6 Rd8 22.Nf3 d6
23.Ra1 Qxb2 24.Qxb2 Bxb2 25.Rxa6 Nc7 26.Ra2 Bg7 27.Nc4 Ne8 28.Rc1 d5 29.Nb6 c4
30.Rd2 Nf6 31.Bc7 Ne4 32.Rdd1 Rde8 33.Rxd5 Nc3 34.Rxc3 Bxc3 35.Bd6  1/2-1/2

[Event "Governor's Cup"]
[Site "Saratov RUS"]
[Date "2011.10.11"]
[Round "4"]
[White "Tomashevsky,E"]
[Black "Ponomariov,R"]
[Result "1/2-1/2"]
[WhiteElo "2710"]
[BlackElo "2758"]

1.d4 Nf6 2.c4 e6 3.g3 Bb4+ 4.Bd2 Be7 5.Bg2 d5 6.Nf3 c6 7.Qc2 O-O 8.O-O Nbd7
9.Rd1 b6 10.Bf4 Ba6 11.cxd5 cxd5 12.Ne5 Rc8 13.Nc6 Nh5 14.Be3 Nb8 15.Nxe7+ Qxe7
16.Nc3 f5 17.Qd2 Nc6 18.Rac1 Qd7 19.f3 h6 20.Bf2 Nf6 21.b3 Rc7 22.Bf1 Ne7
23.Rc2 Rfc8 24.Rdc1 Kf7 25.Nb1 Rxc2 26.Rxc2 g5 27.Rxc8 Qxc8 28.Nc3 h5 29.Bg2 g4
30.Be1 Ng6 31.Qg5 Qh8 32.h3 Nh7 33.Qe3 Nf6 34.Qg5 Nh7 35.Qe3 Nf6 36.Qg5  1/2-1/2

[Event "Governor's Cup"]
[Site "Saratov RUS"]
[Date "2011.10.13"]
[Round "6"]
[White "Ponomariov,R"]
[Black "Roiz,M"]
[Result "1/2-1/2"]
[WhiteElo "2758"]
[BlackElo "2668"]

1.e4 e5 2.Nf3 Nc6 3.Bb5 a6 4.Ba4 Nf6 5.O-O Nxe4 6.d4 b5 7.Bb3 d5 8.dxe5 Be6
9.Be3 Be7 10.c3 Nc5 11.Bc2 Nd7 12.Re1 Ndxe5 13.Nxe5 Nxe5 14.Bd4 Ng6 15.Bxg7 Rg8
16.Bxg6 Rxg7 17.Rxe6 hxg6 18.Re2 Kf8 19.Nd2 Bf6 20.Nf3 Rh7 21.a4 Kg7 22.Qb3 c6
23.Qb4 Rh8 24.Rae1 bxa4 25.h3 Qc7 26.Qxa4 c5 27.Ne5 Rhe8 28.Ng4 Rxe2 29.Rxe2 Qd6
30.Nxf6  1/2-1/2

[Event "Governor's Cup"]
[Site "Saratov RUS"]
[Date "2011.10.15"]
[Round "7"]
[White "Leko,P"]
[Black "Ponomariov,R"]
[Result "1/2-1/2"]
[WhiteElo "2728"]
[BlackElo "2758"]

1.d4 Nf6 2.c4 e6 3.Nf3 d5 4.g3 Bb4+ 5.Bd2 Be7 6.Bg2 c6 7.Qc2 O-O 8.O-O Nbd7
9.Rd1 b6 10.Bf4 Ba6 11.cxd5 cxd5 12.Ne5 Rc8 13.Nc6 Nh5 14.Bc1 Nb8 15.Nxe7+ Qxe7
16.Qd2 Nc6 17.b3 b5 18.a3 Nf6 19.Nc3 Qc7 20.Na2 Qb6 21.Qb2 h6 22.Bf4 Rfd8
23.Nb4 Nxb4 24.axb4 Bb7 25.Rac1 Nd7 26.h4 Rxc1 27.Rxc1 Rc8 28.Rxc8+ Bxc8
29.Qc3 Bb7 30.g4 Qc6 31.Qd2 a6 32.g5 hxg5 33.hxg5 Nf8 34.Bg3 Ng6 35.Bf3 Bc8
36.Bh5 Ne7 37.Be5 Qd7 38.Qc3 Qc6 39.Qd2 Qd7 40.Bf4 Qc6 41.Kh2 Bd7 42.Bg4 Be8
43.Qe3 Ng6 44.Bg3 Qc2 45.Bd6 Qe4 46.Qxe4 dxe4 47.f4 Nh4 48.d5 Nf5 49.Bc5 g6
50.d6 f6 51.gxf6 Kf7 52.Bxf5 exf5 53.Bd4 Ke6 54.Be5 Bf7 55.Kg3 Be8 56.Kf2 Bf7
57.Ke3 Kd7 58.Kd4 Kc6 59.Kc3 Kd7  1/2-1/2

[Event "Governor's Cup"]
[Site "Saratov RUS"]
[Date "2011.10.16"]
[Round "8"]
[White "Ponomariov,R"]
[Black "Vitiugov,N"]
[Result "1/2-1/2"]
[WhiteElo "2758"]
[BlackElo "2726"]

1.d4 Nf6 2.c4 e6 3.Nf3 Bb4+ 4.Nbd2 O-O 5.a3 Be7 6.e3 c5 7.b3 b6 8.Bd3 Bb7
9.O-O cxd4 10.exd4 d5 11.Bb2 Nc6 12.Rc1 Re8 13.Re1 Bf8 14.c5 bxc5 15.dxc5 a5
16.Bb5 Nd7 17.b4 axb4 18.axb4 Rb8 19.Ne5 Qc7 20.Ndf3 Ndxe5 21.Nxe5 f6 22.Nd3 e5
23.Qb3 Kh8 24.Qxd5 Nxb4 25.Qc4 Nxd3 26.Qxd3 Red8 27.Qe2 Bc6 28.Bxc6 Qxc6
29.Rc2 Rb5 30.Ba3 h6 31.Rc3 Ra8  1/2-1/2

[Event "Governor's Cup"]
[Site "Saratov RUS"]
[Date "2011.10.17"]
[Round "9"]
[White "Moiseenko,A1"]
[Black "Ponomariov,R"]
[Result "1/2-1/2"]
[WhiteElo "2726"]
[BlackElo "2758"]

1.d4 Nf6 2.c4 e6 3.Nc3 Bb4 4.g3 c5 5.Nf3 cxd4 6.Nxd4 O-O 7.Bg2 d5 8.cxd5 Nxd5
9.Qb3 Nc6 10.Nxc6 bxc6 11.O-O Qa5 12.Bd2 Bxc3 13.Bxc3 Nxc3 14.bxc3 Ba6 15.Qb4 Qxb4
16.cxb4 Rab8 17.a3 Rfc8 18.Rfc1 Bxe2 19.Bxc6 Kf8 20.f4 Rd8 21.Ra2 Bb5 22.Bxb5 Rxb5
23.Rac2 a5 24.Rc8 Rxc8 25.Rxc8+ Ke7 26.Rc7+ Kf6 27.Rc4 axb4 28.axb4 Rd5 29.Rc1 Rb5
30.Rc4 Rd5 31.Rc1 Rb5 32.Rc4  1/2-1/2

[Event "Governor's Cup"]
[Site "Saratov RUS"]
[Date "2011.10.19"]
[Round "11"]
[White "Eljanov,P"]
[Black "Ponomariov,R"]
[Result "1/2-1/2"]
[WhiteElo "2683"]
[BlackElo "2758"]

1.c4 Nf6 2.Nf3 e6 3.g3 d5 4.Bg2 dxc4 5.Qa4+ Nbd7 6.Qxc4 c5 7.d3 b6 8.Ng5 Rb8
9.Bf4 Bb7 10.Ne4 Nxe4 11.Bxe4 b5 12.Qc2 Bxe4 13.dxe4 Rb7 14.O-O Be7 15.a4 a6
16.Nc3 O-O 17.e5 c4 18.axb5 axb5 19.Ne4 Qb6 20.Rfd1 Qc6 21.h4 Nc5 22.Ng5 g6
23.h5 Rd7 24.Rxd7 Qxd7 25.Ne4 Nxe4 26.Qxe4 Rc8 27.Be3 b4 28.Ra7 Qe8 29.h6 c3
30.b3 c2 31.Bc1 Bf8 32.Kg2 Qd8 33.Qb7 Qd5+ 34.Qxd5 exd5 35.Rd7 g5 36.Rxd5 Bxh6
37.g4 Bg7 38.Kf3 Rc3+ 39.Ke4 h6 40.Rd3 Rc5 41.Rd5 Rc3 42.Rd3  1/2-1/2

[Event "Sportaccord WMG Rapid"]
[Site "Beijing CHN"]
[Date "2011.12.09"]
[Round "2"]
[White "Wang Hao"]
[Black "Ponomariov,R"]
[Result "1-0"]
[WhiteElo "2736"]
[BlackElo "2723"]

1.d4 Nf6 2.c4 e6 3.Nc3 Bb4 4.e3 O-O 5.Bd3 c5 6.Nf3 Nc6 7.O-O Bxc3 8.bxc3 d6
9.e4 e5 10.d5 Ne7 11.Nh4 h6 12.Qf3 Ng6 13.Nf5 Re8 14.a4 Bxf5 15.Qxf5 Qc8
16.Qf3 Qg4 17.Qxg4 Nxg4 18.g3 Nf6 19.Bd2 Rac8 20.a5 Rc7 21.f3 Kf8 22.Kf2 Ke7
23.Bc2 Rh8 24.f4 Nf8 25.Ke2 N8d7 26.h3 Nh5 27.Rg1 Rg8 28.Ba4 Nhf6 29.Kd3 Rcc8
30.Rab1 Rb8 31.f5 Rh8 32.g4 Kd8 33.h4 Kc7 34.Be3 h5 35.g5 Ng8 36.Rgf1 Rd8
37.Rb2 Ne7 38.Rfb1 b6 39.Bxd7 Rxd7 40.axb6+ axb6 41.Rxb6 Ra8 42.f6 gxf6 43.gxf6 Ng6
44.Rc6+ Kd8 45.Rbb6 Nxh4 46.Rxd6 Ng6 47.Bxc5 h4 48.Ra6 Nf4+ 49.Ke3 Rxa6 50.Rxa6 h3
51.Bb6+ Kc8 52.c5 h2 53.c6  1-0

[Event "Sportaccord WMG Rapid"]
[Site "Beijing CHN"]
[Date "2011.12.10"]
[Round "3"]
[White "Ponomariov,R"]
[Black "Dominguez Perez,L"]
[Result "1-0"]
[WhiteElo "2723"]
[BlackElo "2712"]

1.d4 Nf6 2.c4 g6 3.Nc3 d5 4.Bg5 Ne4 5.Bh4 Nxc3 6.bxc3 dxc4 7.e3 Be6 8.Nf3 Bg7
9.Qb1 b6 10.Ng5 Bd5 11.e4 Bb7 12.Bxc4 O-O 13.O-O Nc6 14.Qb3 Qe8 15.Bb5 a6
16.Bd3 e5 17.d5 Na5 18.Qc2 Bc8 19.Bg3 Nb7 20.f4 f6 21.Nf3 Nc5 22.c4 Bg4 23.Nd2 Bh6
24.Nb3 exf4 25.Bxf4 Bxf4 26.Rxf4 Qe5 27.Raf1 Bd7 28.Nxc5 bxc5 29.Qf2 Kg7
30.Qxc5 Rab8 31.R4f2 Rb6 32.Qe3 Rb4 33.Qg3 Qxg3 34.hxg3 Rbb8 35.Rc2 c5 36.Kf2 Kf7
37.Ke3 Ke7 38.Rcf2 Bg4 39.Rf4 h5 40.e5 f5 41.R4f2 Rg8 42.Kf4 g5+ 43.Ke3 h4
44.d6+ Ke6 45.Bxf5+ Bxf5 46.Rxf5 Rb4 47.Rf6+ Kd7 48.Rd1 Rxc4 49.e6+ Kc6 50.d7 Rd4
51.d8=Q Rgxd8 52.e7+  1-0

[Event "Sportaccord WMG Rapid"]
[Site "Beijing CHN"]
[Date "2011.12.10"]
[Round "4"]
[White "Gashimov,V"]
[Black "Ponomariov,R"]
[Result "1/2-1/2"]
[WhiteElo "2757"]
[BlackElo "2723"]

1.e4 e5 2.Nf3 Nc6 3.Bb5 Nf6 4.Qe2 Bc5 5.c3 O-O 6.d3 Re8 7.Ba4 a6 8.Nbd2 b5
9.Bc2 d5 10.h3 Bb6 11.Nf1 dxe4 12.dxe4 Be6 13.Bb3 Bxb3 14.axb3 Na5 15.Qc2 Nb7
16.Bg5 h6 17.Bh4 Nd6 18.N1d2 Qe7 19.c4 Bd4 20.c5 Nb7 21.b4 Nd8 22.Nxd4 exd4
23.O-O Nc6 24.Qb3 g5 25.Bg3 Nxe4 26.Nxe4 Qxe4 27.Bxc7 d3 28.Rfd1 Nxb4 29.Ba5 Nc2
30.Rab1 Rac8 31.Qxd3 Qxd3 32.Rxd3 Rxc5 33.Rd6 Re6 34.Rbd1 b4 35.Bd8 Rc6 36.R6d5 Kg7
37.Ba5 Re2 38.Rf5 Kg6 39.g4 f6 40.Rfd5 Re5 41.Rxe5 fxe5 42.Rd8 b3 43.Bd2 Kf7
44.Rd3 Rb6 45.Bc3 Ke6 46.Rd8 Rc6 47.Re8+ Kd7 48.Rb8 Nd4 49.Bxd4 exd4 50.Rxb3 Kd6
51.Kf1 Kc5 52.Ke2 Re6+ 53.Kd3 Rf6 54.Rb8 Rxf2 55.b4+ Kd5 56.Rd8+  1/2-1/2

[Event "Sportaccord WMG Rapid"]
[Site "Beijing CHN"]
[Date "2011.12.10"]
[Round "5"]
[White "Ponomariov,R"]
[Black "Vachier Lagrave,M"]
[Result "1-0"]
[WhiteElo "2723"]
[BlackElo "2710"]

1.c4 Nf6 2.g3 g6 3.Bg2 Bg7 4.Nc3 O-O 5.e4 c5 6.Nge2 Nc6 7.O-O d6 8.d3 Ne8
9.Be3 Nd4 10.Rb1 Bg4 11.f3 Bd7 12.b4 b6 13.Qd2 Nc7 14.h3 Rc8 15.f4 f5 16.bxc5 dxc5
17.e5 Nxe2+ 18.Qxe2 e6 19.a4 Rb8 20.a5 Na6 21.axb6 axb6 22.d4 cxd4 23.Bxd4 Nc5
24.Rfd1 Qc7 25.Nb5 Bxb5 26.cxb5 Rfd8 27.Qc4 Bf8 28.Bc6 Qf7 29.Kg2 h6 30.Be3 Rbc8
31.h4 Be7 32.Ra1 g5 33.hxg5 hxg5 34.fxg5 Qg6 35.Bxc5 Rxd1 36.Rxd1 Bxc5 37.Bd7 Rf8
38.Bxe6+ Kh8 39.Qh4+ Qh7 40.Rd7 Qxh4 41.gxh4 Re8 42.Bxf5 Rxe5 43.Bd3 Re3
44.Rd8+ Kg7 45.h5  1-0

[Event "TCh-CZE Extraliga 2011-12"]
[Site "Czech Republic CZE"]
[Date "2012.04.22"]
[Round "11.1"]
[White "Miton,K"]
[Black "Ponomariov,R"]
[Result "1/2-1/2"]
[WhiteElo "2628"]
[BlackElo "2758"]

1.d4 Nf6 2.c4 g6 3.Nc3 Bg7 4.e4 d6 5.Bd3 O-O 6.Nge2 Nbd7 7.O-O c5 8.d5 Ne5
9.f4 Nxd3 10.Qxd3 a6 11.a4 b6 12.b3 Bd7 13.Bb2 Rb8 14.Nd1 b5 15.axb5 axb5
16.Bc3 bxc4 17.bxc4 Rb3 18.Qc2 Qb8 19.Nc1 Rb6 20.Ne3 Qb7 21.h3 Ra8 22.Rxa8+ Qxa8
23.e5 Ba4 24.Qd3 Ne8 25.Qd2 Qb8 26.Nd3 Rb1 27.Bb2 Rxf1+  1/2-1/2

[Event "TCh-CZE Extraliga 2012-13"]
[Site "Czech Republic CZE"]
[Date "2013.03.23"]
[Round "7.1"]
[White "Ponomariov,R"]
[Black "Mista,A"]
[Result "1-0"]
[WhiteElo "2741"]
[BlackElo "2562"]

1.e4 c5 2.Nf3 Nc6 3.Bb5 d6 4.O-O Bd7 5.Re1 a6 6.Bxc6 Bxc6 7.d4 cxd4 8.Nxd4 Rc8
9.Nc3 Nf6 10.Bg5 e6 11.Nd5 h6 12.Bxf6 gxf6 13.Qf3 Bg7 14.Nf4 Qa5 15.Nh5 Kf8
16.Rad1 Qe5 17.Qh3 Rg8 18.c3 Bh8 19.Re3 Bd7 20.Nf3 Qc5 21.Qh4 Ke7 22.Red3 Bc6
23.Rxd6 Rg5 24.Nxg5 fxg5 25.Qg4 Qxd6 26.Rxd6 Kxd6 27.h4 Rg8 28.Qg3+ Kd7 29.e5 Rg6
30.Qd3+ Ke8 31.Qd6 gxh4 32.f3 Bxf3 33.Nf6+  1-0

[Event "FIDE World Blitz 2013"]
[Site "Khanty-Mansiysk RUS"]
[Date "2013.06.09"]
[Round "1.6"]
[White "Ponomariov,R"]
[Black "Safarli,E"]
[Result "1/2-1/2"]
[WhiteElo "2743"]
[BlackElo "2660"]

1.Nf3 Nf6 2.g3 g6 3.Bg2 Bg7 4.O-O O-O 5.c4 d5 6.cxd5 Nxd5 7.Nc3 Nxc3 8.dxc3 c6
9.Qxd8 Rxd8 10.Bg5 Re8 11.Rfd1 Na6 12.Nd4 Bxd4 13.cxd4 f6 14.Bf4 Be6 15.a3 g5
16.Bd2 Bb3 17.Rdc1 Rad8 18.e3 Nc7 19.Ba5 Rd7 20.Rc3 Be6 21.Bxc7 Rxc7 22.b4 Rd8
23.b5 Bd5 24.Rac1 Bxg2 25.Kxg2 Rdc8 26.Rc5 e6 27.Kf3 Kf7 28.bxc6 Rxc6 29.Rxc6 Rxc6
30.Rxc6 bxc6 31.Ke4 Ke7 32.Kd3 g4 33.Kc4 Kd6 34.Kb4 f5 35.Kc4 h5 36.a4 Kd7
37.Kc5 Kc7 38.Kb4 Kb6 39.a5+ Kc7 40.Kc5 Kd7 41.Kb4 Kd6 42.Kc4 Kd7 43.Kb4 Kd6
44.Kc4 Kd7 45.Kb4  1/2-1/2

[Event "FIDE World Blitz 2013"]
[Site "Khanty-Mansiysk RUS"]
[Date "2013.06.09"]
[Round "2.6"]
[White "Safarli,E"]
[Black "Ponomariov,R"]
[Result "1-0"]
[WhiteElo "2660"]
[BlackElo "2743"]

1.e4 e5 2.Nf3 Nc6 3.Bb5 a6 4.Ba4 Nf6 5.Qe2 b5 6.Bb3 Bc5 7.c3 O-O 8.O-O d6
9.Rd1 Bb6 10.d3 Be6 11.Nbd2 Bxb3 12.axb3 Ne7 13.Nf1 Ng6 14.Ng3 Re8 15.Be3 c5
16.Nf5 Ne7 17.Nxe7+ Qxe7 18.c4 Nd7 19.h3 Nf8 20.b4 f6 21.bxc5 dxc5 22.b4 Ne6
23.Rdb1 Qd7 24.Qc2 Qc6 25.cxb5 axb5 26.Rxa8 Rxa8 27.bxc5 Bxc5 28.Bxc5 Nxc5
29.Rc1 Rc8 30.Qa2+ Kf8 31.d4 exd4 32.Nxd4 Qxe4 33.Ne6+ Nxe6 34.Rxc8+ Kf7
35.Rc7+ Kg6 36.Re7 Kf5 37.g4+  1-0

[Event "FIDE World Blitz 2013"]
[Site "Khanty-Mansiysk RUS"]
[Date "2013.06.09"]
[Round "3.20"]
[White "Potapov,P"]
[Black "Ponomariov,R"]
[Result "1/2-1/2"]
[WhiteElo "2460"]
[BlackElo "2743"]

1.e4 e5 2.Nf3 Nc6 3.Nc3 Nf6 4.d4 exd4 5.Nxd4 Bb4 6.Nxc6 bxc6 7.Bd3 d5 8.exd5 cxd5
9.O-O O-O 10.h3 h6 11.Bf4 Bd6 12.Qf3 Rb8 13.b3 Rb4 14.Ne2 Bxf4 15.Nxf4 Qd6
16.Ne2 c5 17.Rad1 g6 18.c3 Rb8 19.Nf4 Bb7 20.Qg3 g5 21.Nh5 Rbd8 22.Nxf6+ Qxf6
23.f4 Kh8 24.fxg5 Qxg5 25.Qc7 Rg8 26.Rf2 Bc8 27.Qxf7 Rg7 28.Qf3 Rdg8 29.Rdd2 Qh4
30.Bf5 Rg3 31.Qxd5 Bxf5 32.Qxf5 Re3 33.Qf6+ Qxf6 34.Rxf6 Rxh3 35.Rdd6 Rxc3
36.Rxh6+ Kg7 37.Rhg6+ Kh7 38.Rxg8 Kxg8 39.Rd8+ Kf7 40.Rd7+ Ke6 41.Rxa7 Kf5
42.Rb7 Kf4 43.Kh2 Kg5 44.a4 c4 45.bxc4 Rxc4 46.a5 Ra4 47.Ra7 Ra3 48.a6 Kg6
49.Ra8 Kg7 50.g3 Ra2+ 51.Kh3 Ra4 52.Kg2 Ra3 53.Kf2 Kh7 54.g4 Kg7 55.Ke2 Kh7
56.Kd2 Ra4 57.g5 Ra5 58.a7 Kg7 59.Kc3 Ra1 60.Kb2 Ra6 61.g6 Ra5 62.Kb3 Ra1
63.Kb4 Rb1+ 64.Kc5 Rc1+ 65.Kb6 Rb1+ 66.Kc6 Rc1+ 67.Kd6 Rd1+ 68.Ke5 Re1+ 69.Kd4  1/2-1/2

[Event "FIDE World Blitz 2013"]
[Site "Khanty-Mansiysk RUS"]
[Date "2013.06.09"]
[Round "4.20"]
[White "Ponomariov,R"]
[Black "Potapov,P"]
[Result "1-0"]
[WhiteElo "2743"]
[BlackElo "2460"]

1.c4 e5 2.g3 Nf6 3.Bg2 d5 4.cxd5 Nxd5 5.Nc3 Nb6 6.e3 Nc6 7.Nge2 Be7 8.O-O O-O
9.f4 f6 10.f5 Nb4 11.d4 exd4 12.exd4 c6 13.g4 Bd6 14.Ne4 N4d5 15.Kh1 Bc7
16.Qd3 Re8 17.g5 Qe7 18.Bd2 Qf7 19.N2g3 Bd7 20.g6 Qf8 21.Nh5 hxg6 22.fxg6 Bg4
23.Nhg3 Rad8 24.h3 Bc8 25.Nf5 Bxf5 26.Rxf5 Rxe4 27.Qxe4 Qd6 28.Kg1 Nc4 29.Rd1 Ne7
30.Rf2 Nxd2 31.Rdxd2 Nd5 32.Rde2 Qh2+ 33.Kf1 Qd6 34.Qh4 Ne7  1-0

[Event "FIDE World Blitz 2013"]
[Site "Khanty-Mansiysk RUS"]
[Date "2013.06.09"]
[Round "5.16"]
[White "Ponomariov,R"]
[Black "Gordievsky,D"]
[Result "1-0"]
[WhiteElo "2743"]
[BlackElo "2474"]

1.c4 e6 2.Nc3 b6 3.e4 Bb7 4.Nf3 Bb4 5.Bd3 Ne7 6.a3 Bxc3 7.dxc3 O-O 8.Qe2 a5
9.b4 Ng6 10.O-O d6 11.Bg5 Qe8 12.c5 bxc5 13.bxc5 Ba6 14.Rab1 Bxd3 15.Qxd3 dxc5
16.h4 h6 17.Be3 Nd7 18.Qb5 Nf6 19.Bxc5 Qxb5 20.Rxb5 Rfb8 21.Rxb8+ Rxb8 22.Re1 Nf4
23.Bd4 Rb3 24.g3 Nd3 25.Rd1 Nb2 26.Rb1 a4 27.Nd2 Rxa3 28.Rxb2 Ra1+ 29.Kg2 a3
30.Rb8+ Kh7 31.Bxf6 gxf6 32.Ra8 a2 33.Nc4 Kg7 34.Ne3 Rc1 35.Rxa2 Rxc3 36.Kf3 Rc1
37.Rc2 Rxc2 38.Nxc2 Kg6 39.Nd4 h5 40.Nc6 f5 41.e5 f6 42.Kf4 Kf7 43.Ke3 Kg6
44.f4 Kf7  1-0

[Event "FIDE World Blitz 2013"]
[Site "Khanty-Mansiysk RUS"]
[Date "2013.06.09"]
[Round "6.16"]
[White "Gordievsky,D"]
[Black "Ponomariov,R"]
[Result "0-1"]
[WhiteElo "2474"]
[BlackElo "2743"]

1.d4 Nf6 2.c4 g6 3.Nc3 d5 4.Nf3 Bg7 5.Bf4 O-O 6.Rc1 dxc4 7.e3 Be6 8.Ng5 Bd5
9.e4 h6 10.exd5 hxg5 11.Bxg5 Nxd5 12.Bxc4 Nb6 13.Bb3 Nc6 14.Ne2 Qd7 15.O-O e6
16.h4 Nxd4 17.Nxd4 Bxd4 18.Qe2 c5 19.Rfd1 Nd5 20.h5 Kg7 21.Qg4 Rh8 22.hxg6 f5
23.Qg3 Rh5 24.Rxd4 cxd4 25.Qe5+ Kxg6 26.Bxd5 Rxg5 27.Bxe6 Qg7 28.Qf4 Qf6
29.Bd5 Rd8 30.Bxb7 Rg4 31.Qf3 d3 32.Rd1 d2 33.Bd5 Qd4 34.Bb3 Qe4 35.Qh3 Kg7
36.Qc3+ Qd4 37.Qc7+ Kh6 38.Qf7 Rdg8 39.Kf1 Qd3+  0-1

[Event "FIDE World Blitz 2013"]
[Site "Khanty-Mansiysk RUS"]
[Date "2013.06.09"]
[Round "9.4"]
[White "Ponomariov,R"]
[Black "Cheparinov,I"]
[Result "1-0"]
[WhiteElo "2743"]
[BlackElo "2678"]

1.c4 Nf6 2.Nc3 e5 3.Nf3 Nc6 4.g3 Bb4 5.Bg2 O-O 6.O-O d6 7.d3 h6 8.Bd2 a5
9.a3 Bc5 10.Na4 Re8 11.Nxc5 dxc5 12.Bc3 Qd6 13.Nd2 Bg4 14.h3 Bd7 15.Kh2 Rad8
16.b3 b6 17.Re1 Nd4 18.e3 Nc6 19.Ne4 Nxe4 20.Bxe4 Ne7 21.Qc2 f5 22.Bf3 Bc6
23.Be2 Qe6 24.Rad1 Bb7 25.f3 Rd7 26.Rf1 Ng6 27.Rf2 Red8 28.Rg1 Rd6 29.a4 R6d7
30.Bb2 Rd6 31.Bc3 R6d7 32.Bf1 e4 33.dxe4 fxe4 34.f4 Qe7 35.Be2 Rd3 36.Bxd3 exd3
37.Qd2 Qe4 38.f5 Ne5 39.Rgf1 Re8 40.f6 gxf6 41.Rxf6 Re7 42.Rf8+ Kh7 43.R8f4 Qg6
44.e4 Bc6 45.Rf6  1-0

[Event "FIDE World Blitz 2013"]
[Site "Khanty-Mansiysk RUS"]
[Date "2013.06.09"]
[Round "10.4"]
[White "Cheparinov,I"]
[Black "Ponomariov,R"]
[Result "1/2-1/2"]
[WhiteElo "2678"]
[BlackElo "2743"]

1.d4 Nf6 2.c4 e6 3.Nf3 d5 4.g3 dxc4 5.Bg2 a6 6.O-O Nc6 7.e3 Rb8 8.Qe2 b5
9.b3 cxb3 10.axb3 Be7 11.Bb2 O-O 12.Rc1 Nb4 13.Ne5 Bb7 14.Bxb7 Rxb7 15.Nc6 Nxc6
16.Rxc6 Qd5 17.Qc2 Ne4 18.h4 g5 19.f3 Nxg3 20.e4 Qd7 21.Raxa6 gxh4 22.Qd2 Bf6
23.d5 Bxb2 24.Qxb2 exd5 25.Qf6 Qd8 26.Qh6 dxe4 27.Rg6+ fxg6 28.Rxg6+ hxg6
29.Qxg6+ Kh8  1/2-1/2

[Event "FIDE World Blitz 2013"]
[Site "Khanty-Mansiysk RUS"]
[Date "2013.06.09"]
[Round "14.4"]
[White "Rublevsky,S"]
[Black "Ponomariov,R"]
[Result "0-1"]
[WhiteElo "2695"]
[BlackElo "2743"]

1.e4 e5 2.Nf3 Nc6 3.d4 exd4 4.Nxd4 Nf6 5.Nxc6 bxc6 6.e5 Qe7 7.Qe2 Nd5 8.Nd2 Bb7
9.Nf3 O-O-O 10.Bd2 f6 11.O-O-O Re8 12.Re1 Qf7 13.g3 Bd6 14.Bh3 Bxe5 15.Nxe5 fxe5
16.Rhf1 Kb8 17.Qd3 Nf6 18.Qa3 d6 19.Re3 Nd5 20.Rb3 Nb6 21.Qa5 c5 22.f3 Rhf8
23.Ra3 a6 24.Rb3 Ka7 25.Rf2 Nc4 26.Qa4 Nb6 27.Qa5 Qd5 28.Rd3 Qc6 29.b3 e4
30.Re3 exf3 31.Rxe8 Rxe8 32.Bg4 Rf8 33.Qc3 Rf7 34.Be6 Rf6 35.Bh3 Qe4 36.Bf1 Nd5
37.Qd3 Qxd3 38.Bxd3 h6 39.c4 Nb4 40.Bb1 Nc6 41.Bc3 Nd4 42.Kd2 Re6 43.Bd3 Kb6
44.b4 Bc6 45.a3 Kb7 46.bxc5 dxc5 47.Rf1 g5 48.g4 Ne2 49.Rb1+ Ka7 50.Ba5 Nf4
51.Bf5 Re2+ 52.Kc3 f2 53.Bxc7 Re1  0-1

[Event "FIDE World Blitz 2013"]
[Site "Khanty-Mansiysk RUS"]
[Date "2013.06.09"]
[Round "15.2"]
[White "Mamedov,Rau"]
[Black "Ponomariov,R"]
[Result "1/2-1/2"]
[WhiteElo "2637"]
[BlackElo "2743"]

1.e4 e5 2.Nf3 Nc6 3.Bc4 Bc5 4.c3 Nf6 5.d3 O-O 6.Bb3 a6 7.O-O d6 8.h3 h6 9.Re1 Re8
10.Nbd2 Be6 11.Nf1 d5 12.Ng3 Bf8 13.Qe2 Qd7 14.Be3 Rad8 15.Rad1 Qc8 16.Bc1 g6
17.exd5 Bxd5 18.Ne4 Nxe4 19.dxe4 Be6 20.Bd5 Bg7 21.Bb3  1/2-1/2